| 000 | 00815cam a2200265 a 4500 | ||
|---|---|---|---|
| 001 | 000003813 | ||
| 003 | DO-SdBNP | ||
| 005 | 20220222082422.0 | ||
| 007 | ta | ||
| 008 | 880801s1988 cl a er 001 f spa d | ||
| 020 | _z9561306998 | ||
| 040 |
_aDO-SdBNP _bspa _cBNPHU |
||
| 082 | 4 |
_222 _a813.54 _bC776ul |
|
| 100 | 1 |
_aCooper, James Fenimore, _d1789- 1851 _911562 |
|
| 245 | 1 | 3 |
_aEl último mohicano / _cJames Fenimore Cooper; Ilustrador, Eduardo Osorio. |
| 260 |
_aSantiago de Chile : _bAndrés Bello, _c1988 |
||
| 300 |
_a139 p. : _bil. ; _c19 cm. |
||
| 590 | _aInventariado 2022 / MF | ||
| 650 | 4 |
_aNovela histórica _zEstados Unidos _911563 |
|
| 650 | 4 |
_aNovela estadounidense _9262 |
|
| 650 | 4 |
_aLiteratura estadounidense _9263 |
|
| 700 |
_aOsorio, Eduardo _eil. _981264 |
||
| 910 | _aWM | ||
| 942 |
_2ddc _cLBS1 |
||
| 999 |
_c3635 _d3635 |
||